[Event "South America-ch U18 13th"]
[Site "Santiago de Chile"]
[Date "2016.12.03"]
[Round "4"]
[White "Torrealba Porras, Dario Alonso"]
[Black "Bachman Aguilar, Felipe Ignacio"]
[Result "1/2-1/2"]
[WhiteElo "1647"]
[BlackElo "1562"]
[PlyCount "71"]
[EventDate "2016.12.01"]
[EventType "swiss"]
[EventRounds "9"]
[EventCountry "CHI"]
[SourceTitle "EXT 2018"]
[Source "ChessBase"]
[SourceDate "2017.10.13"]
[SourceVersion "1"]
[SourceVersionDate "2017.10.13"]
[SourceQuality "1"]

1. e4 c5 2. Nf3 d6 3. d4 cxd4 4. Nxd4 Nf6 5. Nc3 g6 6. Be3 Bg7 7. Qd2 Ng4 8. Bg5 Nc6 9. Nb3 Be6 10. f3 Nf6 11. h4 a6 12. Be2 h6 13. Be3 d5 14. exd5 Nxd5 15. Nxd5 Qxd5 16. 0-0-0 Qxd2+ 17. Rxd2 Rd8 18. Rhd1 0-0 19. Kb1 Rxd2 20. Rxd2 Rd8 21. Nc5 Rxd2 22. Bxd2 Bc8 23. a4 a5 24. Bb5 Nb4 25. Bd7 Bxd7 26. Nxd7 Nc6 27. Nc5 b6 28. Nd7 Bd4 29. Bxh6 Kh7 30. Bf4 e5 31. Bg3 f5 32. c3 Be3 33. Nxe5 f4 34. Nc4 fxg3 35. Nxe3 Ne7 36. Nc4 1/2-1/2

[Event "South America-ch U18 13th"]
[Site "Santiago de Chile"]
[Date "2016.12.02"]
[Round "2"]
[White "Bachman Aguilar, Felipe Ignacio"]
[Black "Dotta, Gian Franco"]
[Result "0-1"]
[WhiteElo "1562"]
[BlackElo "1745"]
[PlyCount "63"]
[EventDate "2016.12.01"]
[EventType "swiss"]
[EventRounds "9"]
[EventCountry "CHI"]
[SourceTitle "EXT 2018"]
[Source "ChessBase"]
[SourceDate "2017.10.13"]
[SourceVersion "1"]
[SourceVersionDate "2017.10.13"]
[SourceQuality "1"]

1. d4 Nf6 2. c4 g6 3. Nc3 Bg7 4. e4 d6 5. Nf3 0-0 6. Be2 e5 7. 0-0 Nc6 8. d5 Ne7 9. b4 a5 10. bxa5 Rxa5 11. a4 Nd7 12. Ba3 f5 13. Nd2 b6 14. Bb4 Ra8 15. a5 bxa5 16. Rxa5 Rxa5 17. Bxa5 Ba6 18. Nb3 Nf6 19. f3 f4 20. c5 Bxe2 21. Qxe2 Qd7 22. Rc1 c6 23. cxd6 Qxd6 24. dxc6 Nxc6 25. Nb5 Qd7 26. Qc4+ Kh8 27. Qxc6 Qd3 28. Qc4 Qe3+ 29. Kf1 Ng4 30. fxg4 f3 31. g3 f2 32. Rc3 0-1